AFL All Star Quarterbacks - Statistics

General Stats
  • This quiz has been taken 7 times
  • The average score is 31 of 41
Answer Stats
Year Team Player % Correct
1967 Dolphins Bob Griese
100%
1968 Dolphins Bob Griese
100%
1965 Bills Daryle Lamonica
100%
1967 Raiders Daryle Lamonica
100%
1969 Raiders Daryle Lamonica
100%
1961 Chargers Jack Kemp
100%
1962 Chargers/Bills Jack Kemp
100%
1963 Bills Jack Kemp
100%
1964 Bills Jack Kemp
100%
1965 Bills Jack Kemp
100%
1966 Bills Jack Kemp
100%
1969 Bills Jack Kemp
100%
1965 Jets Joe Namath
100%
1967 Jets Joe Namath
100%
1968 Jets Joe Namath
100%
1969 Jets Joe Namath
100%
1964 Chargers John Hadl
100%
1965 Chargers John Hadl
100%
1968 Chargers John Hadl
100%
1969 Chargers John Hadl
100%
1962 Texans Len Dawson
100%
1964 Chiefs Len Dawson
100%
1966 Chiefs Len Dawson
100%
1967 Chiefs Len Dawson
100%
1968 Chiefs Len Dawson
100%
1969 Chiefs Len Dawson
100%
1961 Oilers George Blanda
71%
1962 Oilers George Blanda
71%
1963 Oilers George Blanda
71%
1967 Raiders George Blanda
71%
1963 Patriots Babe Parilli
57%
1964 Patriots Babe Parilli
57%
1966 Patriots Babe Parilli
57%
1966 Raiders Tom Flores
43%
1969 Chiefs Mike Livingston
14%
1963 Chargers Tobin Rote
14%
1961 Titans Al Dorow
0%
1961 Texans Cotton Davidson
0%
1963 Raiders Cotton Davidson
0%
1962 Broncos Frank Tripucka
0%
1969 Patriots Mike Taliaferro
0%
No matching quizzes found
Score Distribution
Percent of People with Each Score
Percentile by Number Answered
Your Score History
You have not taken this quiz